Normal view MARC view

Entry Nombre geográfico

Number of records used in: 9

001 - NÚMERO DE CONTROL

  • campo de control: 9477

003 - IDENTIFICADOR DE NÚMERO DE CONTROL

  • campo de control: OSt

005 - FECHA Y HORA DE LA ÚLTIMA TRANSACCIÓN

  • campo de control: 20230222191805.0

008 - ELEMENTOS DE DATO DE LONGITUD-FIJA

  • campo de control de longitud fija: 060920 n acnnnaaan n ann d

040 ## - FUENTE DE CATALOGACIÓN

  • Centro catalogador/agencia de origen: OSt
  • Centro/agencia transcriptor: OSt

151 00 - ENCABEZAMIENTO--NOMBRE GEOGRÁFICO

  • Nombre geográfico: URSS-
  • Subdivisión general: Política económica